000
00293nam a22001457a 4500
008
230512b ||||| |||| 00| 0 eng d
020
_a
567504
041
_a
eng
080
_a
32
082
_a
32RON
100
_a
21
101
_a
SHKP
245
_a
POETRY PROSE
_c
RONALD
942
_2
udc
_c
BK
999
_c
59690
_d
59690